Este pinhal tão verde (Registo nº 4140)

Detalhes MARC
000 -Etiqueta do registo
Cabeçalho 00788cam a2200289 4500
005 - Identificador da versão
Campo de controlo 20240813122053.0
095 ## -
-- PTBN01039780
021 ## - Número do Depósito Legal
Código do país PT
Número 123706/98
100 ## - Dados gerais de processamento
Dados gerais de processamento 19990604e19981995d y0pory5003 ba
102 ## - Pais de publicação ou produção
País de publicação Portugal
101 0# - Língua de publicação
Língua do texto, banda sonora, etc. Português
106 ## - Campo de dados codificados: material textual
Dados codificados do material textual r
105 ## - Campo de dados codificados: livros
Dados codificados dos livros a z 000fy
215 ## - Descrição física 
Indicação específica da natureza do documento e extensão da espécie 105, [2] p.
Outras indicações físicas il.
Dimensões 20 cm
200 1# - Titulo e menção de responsabilidade
Título próprio Este pinhal tão verde
Primeira menção de responsabilidade Graça Matos Sousa
Outras menções de responsabilidade il. Paulo Monteiro
225 1# - Colecção 
Título próprio da colecção Terra verde
Indicação de volume 6
205 ## - Menção da edição
Menção da edição 1ª ed.
Outras menções de edição Reimp
210 ## - Publicação, Distribuição, etc. 
Lugar da edição, distribuição, etc. Lisboa
Nome do editor, distribuidor, etc. Verbo
Data da publicação, distribuição, etc. 1998
675 ## - Classificação Decimal Universal (CDU)
Notação 087.5
Edição BN
Língua da edição por
Notação 821.134.3-94"19"
Edição BN
Língua da edição por
702 #1 - Nome de autor-pessoa física (responsabilidade secundária)
Número de registo de entrada de autoridade 0000781
Palavra de ordem Monteiro
Outra parte do nome não tomada para palavra de ordem Paulo
Datas 1963-
Código de função Ilustrador / Técnico de desenho computorizado
700 #1 - Nome de autor-pessoa física (responsabilidade principal)
Número de registo de entrada de autoridade 0000780
Palavra de ordem Sousa
Outra parte do nome não tomada para palavra de ordem Graça Matos
Datas 1944-
966 ## - Identificação da Biblioteca
Sigla EBVendas
942 ## - Elementos de entrada adicionados (Koha)
Tipo de item no Koha Livro
Exemplares
Situação do levantamento Origin of item (home branch) (coded) Biblioteca de empréstimo Código de barras Cota Circulation type (not for loan) Tipo de documento Nota do exemplar Damaged status
  Biblioteca Escolar das Vendas Biblioteca Escolar das Vendas BEV491 8POR SOU   Livro Sem mensagem